MDQL
is popping MORE tags! Check the
thread
!
Quizzes
Events
Quiz Creation
Community
Videos
Private Events
Remove Ads
Sign In
Join for FREE
Feedback
Dark Mode
Quiz Categories
Sports
Geography
Music
Movies
Television
Just For Fun
Miscellaneous
History
Literature
Language
Science
Gaming
Entertainment
Religion
Holiday
For Kids
Quiz Lab
Recent
Popular Today
Quiz Kudos Today
Editor Picks
Curator Picks
Quizzes by...
Day
Popularity
Type
Ratings
Length
Year
Community
Subscriptions
Recent Discussions
Orange Saloon
Badges
Playlists
Quests
Create
Leaderboards
Showdown
Live 5
Trivia Bingo
Activity
Puzzle Library
Sporcle Events
Private Events
Virtual Trivia
Globe League
Become a Host
Pub Owners
SporcleCon
Opinionation
Our Games
Videos
Blog
Mobile Apps
Partnerships
Remove Ads and Go Orange
Feedback
Sports
Athletes
MLB
NBA
NHL
NFL
Soccer
Sports Teams
WWE
NCAA
Football
Premier League
Basketball
Baseball
Hockey
Golf
Tennis
Cricket
Rugby
Auto Racing
Olympics
World Cup
Sports
Athletes
MLB
NBA
NHL
NFL
Soccer
Sports Teams
WWE
NCAA
Football
Premier League
Basketball
Baseball
Hockey
Golf
Tennis
Cricket
Rugby
Auto Racing
Olympics
World Cup
Random Quiz
Search Sporcle
×
Quiz Lab
Quiz Lab
Sports
goal
Type in answers that appear in a list
Type in answers that appear in a list
Classic
Best Score? Go Orange.
Alex Ovechkin goals against each team Stats
Can you name the Alex Ovechkin points against each team?
By
Ovefan1
8m
31 Questions
166 Plays
166 Plays
166 Plays
Comments
Comments
Give Quiz Kudos
Give Quiz Kudos
-
- Ratings
hide this ad
Forced Order
Answers have to be entered in order
Answers have to be entered in order
Replay
Link that replays current quiz
Next Quiz
Link to next quiz in quiz playlist
You Got
0%
They Got
Avg Score
46%
Avg Friend Score
Upgrade to see
Score Distribution
Jump to the score distribution portion of the page
Score
0/31
Timer
08:00
0
Plays Today
Games played against team
Team
% Correct
71
Winnipeg Jets/Atlanta Thrashers
80.1%
77
Tampa Bay Lightning
77.7%
4
Seattle Kraken
76.9%
9
Vegas Golden Knights
69.8%
86
Carolina Hurricanes
65.7%
71
Pittsburgh Penguins
64.5%
69
Florida Panthers
64.5%
69
New York Rangers
58.4%
71
Philadelphia Flyers
57.8%
65
New York Islanders
53.6%
56
Toronto Maple Leafs
51.8%
54
Montreal Canadiens
50.6%
70
New Jersey Devils
50%
64
Boston Bruins
50%
54
Ottawa Senators
49.4%
60
Buffalo Sabres
48.8%
Games played against team
Team
% Correct
32
Detroit Red Wings
44%
22
Anaheim Ducks
43.4%
44
Columbus Blue Jackets
42.2%
24
Los Angeles Kings
41.6%
25
San Jose Sharks
40.4%
20
Minnesota Wild
39.2%
24
Vancouver Canucks
39.2%
24
Dallas Stars
38.6%
23
St. Louis Blues
38%
22
Edmonton Oilers
37.3%
25
Nashville Predators
36.7%
23
Calgary Flames
36.7%
24
Arizona/Phoenix Coyotes
36.1%
24
Colorado Avalanche
34.3%
22
Chicago Blackhawks
28.9%
Quiz Playlist
Details
Report
Send in Message
Add To Playlist
Classic:
Type in answers that appear in a list
Forced Order:
Answers have to be entered in order
Last Updated: Dec 29, 2018
Quiz Scoreboard
CHALLENGE
Sign Up to Join the Scoreboard
Show All
Scores
Hide
Comments
May contain spoilers
Recently Published
Holiday 10x10 Sorting Gallery
by lukepisani3
Holiday
15m
Two Season TV Shows II
by 123Four
Television
10m
Image Sorting: Flags VI
by Barbecue
Geography
2m
More to Explore
Quiz From the Vault
Featured Blog Post
14 Easter Pick-up Lines to Find Eggs With
hide this ad
You Might Also Like...
Tags
Against
Alex
Alex Ovechkin
goal
Ovechkin
point
team
Today's Top Quizzes in Sports
Browse Sports
hide this ad
Today's Top Quizzes in goal
Browse goal
Top Contributed Quizzes in Sports
1
Les meilleurs buteurs des matchs entre le PSG et l’OM
2
Les entraîneurs de l'OM et du PSG au 21e siècle
3
2022 World Cup Stars
4
Les joueurs passés par le PSG et l'OM
5
Players with Multiple 50 Home Run Seasons
6
FIFA Club World Cup Champions
7
Top 10 NHL Goal Scorers of All Time
8
Les joueurs passés par le LOSC et le RC Lens
9
Criteria MLB: Left Handed Sluggers
10
2023 MLB Unique Player Accomplishments
Explore More
Trending Topics
Marvel
Crossword
Kpop
Anime
NBA
Disney
Harry Potter
Pokémon
WWE
Puzzle
Country
Soccer
Song
The Office
NFL
hide this ad
More By:
Ovefan1
Quiz
Plays
Rating
Category
Featured
Created
NCAA Division I Baseball Schools (22-23 School Year)
402
3.00
Sports
Apr 7, 2013
ncaa baseball national champions
301
4.00
Sports
Apr 10, 2013
NCAA Division 1 Hockey Schools
198
4.00
Sports
Dec 29, 2018
Alex Ovechkin goals against each team
166
2.67
Sports
Feb 16, 2013
(clickable) NHL teams to divisions
148
4.67
Sports
Aug 19, 2013
Go to Creator's Profile
Score Distribution
Quiz Creator Spotlight
Ovefan1
Follow
Send a Message
Quizzes Created
-
Created Quiz Play Count
-
More By This Creator
Popular Quizzes Today
1
Find the US States - No Outlines Minefield
2
Colored Red Africa Blitz
3
Find the 'City' Movie
4
The Countries of the World
5
5x2 Blitz: Bands
6
Find the US States
7
Find the Countries of Europe - No Outlines Minefield
8
US States
More Sports Quizzes
MLB: AL West Hall of Famers by Position
Quiz Lab
Trending Quizzes
Colored Red Europe Blitz I
Colored Red Europe Blitz II
Colored Red Africa Blitz II
Colored Red Europe Blitz III
Colored Red Africa Blitz III
Recently Updated
Odd Team Out - Big 4 Players
pecheneg
Quick Pick: 20 Twenties
pecheneg
March Madness Men's Triple Doubles
pecheneg
How Do You Spell That?
pecheneg
Godzilla Movies
pecheneg
Grab Bag: 4-10 Letters
pecheneg
2024 March Madness Bracket
pecheneg
Famous TV Couples
Peacemaker
Champions League XIs: Real Madrid
pecheneg
Largest US Cities 1790-2010
pecheneg
Trending Topics
Harry Potter
Kpop
NBA
Crossword
Marvel
Disney
Anime
Pokémon
Soccer
WWE
NFL
Song
Puzzle
Country
The Office
Your Account Isn't Verified!
In order to create a playlist on Sporcle, you need to verify the email address you used during registration. Go to your
Sporcle Settings
to finish the process.
Report this User
Report this user for behavior that violates our
Community Guidelines
.
Details:
Send Report
Go to the Sporcle.com Mobile Site →
Comments